000 00478nam a22001457a 4500
008 240729b ||||| |||| 00| 0 eng d
020 _a9789914985108
050 _aHA29
_b.W35 2020
100 _aWaithima, Abraham K.
245 _aIntroduction to inferential statistics and data analysis for decision making/
260 _aNairobi
_bCLC kenya Authors collaboration
_c2020
300 _axx, 246 p.;
_c23 cm
650 _a Social sciences
_vStatistical methods.
942 _2lcc
_cBK
999 _c59326
_d59326